Open Data Biblioteca Nacional de Portugal


República Portuguesa: Ministério da Cultura
Biblioteca Nacional de Portugal

Catálogo da BNP: acesso por Identificadores Unívocos
Registos Bibliográficos associados ao registo de autoridade

Etiqueta de registo: 01002cas 02200325 04500
001 848980
003 http://id.bnportugal.gov.pt/bib/catbnp/848980
005 19990126000000.0
011 ## $dOferta
095 ## $aPTBN00603311
100 ## $a19891124a19179999m y0pory0103 ba
101 0# $apor
102 ## $aPT
106 ## $ar
110 ## $aauuzz..0zz0
200 1# $aAgros$eboletim da Associação dos Estudantes de Agronomia e periódico de propaganda agrícola$fdir. Artur Castilho
207 #0 $aN. 1 (Jan. 1917)-
210 #9 $aLisboa$cA.E.A.,$d1917-
215 ## $d22 cm
326 ## $aBimestral
620 ## $dLisboa
675 ## $a631(05)$vmed$zfre$3311066
702 #1 $aCastilho,$bArtur,$f1892-1975$4300$341364
712 02 $aUniversidade Técnica de Lisboa.$bInstituto Superior de Agronomia.$bAssociação de Estudantes,$f1930-2013$4650$3264711
801 #0 $aPT$bBN$gRPC
930 ## $lBN$mBG$dJ. 2302 B.$jN. 1 (Jan. 1917)-
966 ## $lBN$mFGJOR$sJ. 2302 B.
998 ## $aUAC21-229

Etiqueta de registo: 01694cbm 2200373 450
001 856302
003 http://id.bnportugal.gov.pt/bib/catbnp/856302
005 19990127000000.0
095 ## $aPTBN00611515
100 ## $a19940617d1734 k y0pory0103 ba
101 0# $alat
105 ## $ay z 000yy
106 ## $ah
200 1# $aHistoria compostel[a]na copiada en la Real Bibliotheca...$fparece ser escrito de mano del chronista Ambrosio de Morales...$bManuscrito]
210 #1 $d1734
215 ## $a346, [1] f., enc.$d33 cm
300 ## $aÉ uma cópia da Historia compostelana existente na Real Biblioteca de Madrid, certificada por D. Blas Antonio Nasarre y Ferriz, Bibliotecário-Mór
300 ## $aPubl. em: España Sagrada... - Madrid : Imprenta de la Viuda de Eliséo Sanchez, 1765. - Tomo XX
300 ## $aCota antiga: B-16-20
304 ## $aTexto em latim
304 ## $aAmbrosio de Morales foi o copista do original espanhol. A obra, segundo o impresso, foi escrita por três religiosos de Santiago de Compostela
307 ## $aEnc. em perg.
500 11 $aHistoria compostelana...
601 02 $aUniversidade Técnica de Lisboa.$bInstituto Superior de Agronomia.$bAssociação de Estudantes,$f1930-2013$3264711
601 10 $aSantiago de Compostela.$bDiocese$xHistória$z1100-1140$x[Manuscritos]$2SIPOR$3775897
675 ## $a262.1(460)"1100/1140"(0.032)$vBN$zpor$3775898
675 ## $a262.1(460)"1100/1140"(091)(0.032)$vBN$zpor$3775899
702 #1 $aNasarre y Ferriz,$bBlas Antonio,$f1689-1751$4720$3236335
801 #0 $aPT$bBN$gRPC
856 40 $uhttps://purl.pt/52890
856 41 $uhttps://purl.pt/52890/service/media/cover/low
856 49 $uhttps://purl.pt/52890/service/media/pdf$qapplication/pdf
958 ## $aBND$bLivre$cDigitalizado$d1$ehttps://purl.pt/52890/service/media/cover/max
966 ## $lBN$mRESMAN$sCOD. 870

Etiqueta de registo: 00693cam 2200205 450
001 288318
003 http://id.bnportugal.gov.pt/bib/catbnp/288318
005 19981209160600.0
095 ## $aPTBN00300172
100 ## $a19880101d1968 m y0pora01030103ba
101 0# $apor
102 ## $aPT
105 ## $ay z 000yy
106 ## $ar
200 1# $aSindicalismo universitário$edocumento de trabalho ;$aMitos e realidades$fAssociação dos Estudantes de Agronomia
210 #9 $a[Lisboa]$cAssociação dos Estudantes de Agronomia,$d[D.L. 1968]$eLisboa :$gSoc. Ind. de Tipografia])
215 ## $a37, [2] p.$d22 cm
225 2# $aCadernos - Associação dos Estudantes de Agronomia$v1
517 1# $aMitos e realidades
675 ## $a371.83$vmed$zpor$3295492
710 02 $aUniversidade Técnica de Lisboa.$bInstituto Superior de Agronomia.$bAssociação de Estudantes,$f1930-2013$3264711
801 #0 $aPT$bBN$gRPC
966 ## $lBN$mFGREV$sP.P. 14758 V.

Etiqueta de registo: 00379nas 2200205 450
001 2078652
003 http://id.bnportugal.gov.pt/bib/catbnp/2078652
100 ## $a20210823b19681968m y0pory01030103ba
101 0# $apor
102 ## $aPT
106 ## $ar
110 ## $abyyzz 0uu0
200 1# $aCadernos$fAssociação dos Estudantes de Agronomia
207 #0 $aNº 1
210 #9 $aLisboa$cAssociação dos Estudantes de Agronomia,$d[1968]
215 ## $d22 cm
300 ## $aCada nº catalogado monograficamente
326 ## $aPeriodicidade irregular
620 ## $dLisboa
712 02 $aUniversidade Técnica de Lisboa.$bInstituto Superior de Agronomia.$bAssociação de Estudantes,$f1930-2013$4650$3264711
801 #0 $aPT$bBN$gRPC
966 ## $lBN$mFGREV$sP.P. 14758 V.$x1

Etiqueta de registo: 00000nkm 2200025 450
001 2279567
003 http://id.bnportugal.gov.pt/bib/catbnp/2279567
100 ## $a20260312d1977 m y0pory01030103ba
101 0# $apor
102 ## $aPT
200 1# $a60º. Aniversário Agros, revista da Associação dos Estudantes de Agronomia$bVisual gráfico]$fAssociação de Estudantes de Agronomia
210 #9 $aLisboa$cAssociação de Estudantes de Agronomia,$d1977
215 ## $a1 cartaz$ccolor.$d60x45,5 cm
317 ## $aColeção Madeira Luís
710 02 $aUniversidade Técnica de Lisboa.$bInstituto Superior de Agronomia.$bAssociação de Estudantes,$f1930-2013$3264711
801 #0 $aPT$bBN$gRPC
966 ## $lBN$mICONOG$sCT. 24392 A.$x3
971 ## $cCaticonografia2$d20260312
995 ## $aPRR2026

Etiqueta de registo: 00254nkm 2200109 450
001 2288042
003 http://id.bnportugal.gov.pt/bib/catbnp/2288042
100 ## $a20260617f19851986am y0pory01030103ba
101 0# $apor
102 ## $aPT
200 1# $a [ Garraiada académica, comemoração 75 anos Agronomia ] , Campo Pequeno, 16 maio$bVisual gráfico]$fAssociação de Agronomia
210 #9 $a[Lisboa$cAssociação de Agronomia,$d1986]
215 ## $a1 cartaz$ccolor.$d61,5x42,5 cm
300 ## $aAtuações dos cavaleiros António Terrível, Rosário Conde, Adriano Malfeito e Manuel Malfeito, e dos grupos de forcados "Os Mestres", Aposento Feminino da Tapada e Profissionais de Agronomia
304 ## $aTítulo atribuído pelo catalogador
306 ## $aDatação em conformidade com o calendário perpétuo e a realização do acontecimento anunciado
317 ## $aColeção Madeira Luís
330 ## $aCaricatura alusiva aos 75 anos de agronomia com assinatura ilegível
675 ## $a791.8(469.411.16)"1986"(084.5)$vBN$zpor$32000784
675 ## $a766(=1:469)"198"(084.5)$vBN$zpor$31302430
710 02 $aUniversidade Técnica de Lisboa.$bInstituto Superior de Agronomia.$bAssociação de Estudantes,$f1930-2013$3264711
801 #0 $aPT$bBN$gRPC
966 ## $lBN$mICONOG$sCT. 25859 A.
971 ## $ctoliveira$d20260617

OpendataBNP@bnportugal.pt | Mais informação sobre acesso aos dados BNP